<?xml version="1.0" encoding="UTF-8"?>
<record
    xmlns:xsi="http://www.w3.org/2001/XMLSchema-instance"
    xsi:schemaLocation="http://www.loc.gov/MARC21/slim http://www.loc.gov/standards/marcxml/schema/MARC21slim.xsd"
    xmlns="http://www.loc.gov/MARC21/slim">

  <leader>01224nam a22002897i 4500</leader>
  <datafield tag="999" ind1=" " ind2=" ">
    <subfield code="c">23362</subfield>
    <subfield code="d">23362</subfield>
  </datafield>
  <controlfield tag="003">AR-CdUCM</controlfield>
  <controlfield tag="008">250818b20192019 pe||||| |||| 00| 0 spa d</controlfield>
  <datafield tag="040" ind1=" " ind2=" ">
    <subfield code="a">MUNICIPALIDAD PROVINCIAL DEL CUSCO</subfield>
    <subfield code="c">BIBLIOTECA MUNICIPAL DEL CUSCO</subfield>
  </datafield>
  <datafield tag="082" ind1=" " ind2=" ">
    <subfield code="a">371.36 / Z47</subfield>
    <subfield code="b">Z47</subfield>
  </datafield>
  <datafield tag="100" ind1=" " ind2=" ">
    <subfield code="a">Zavala Herrera, Mauro</subfield>
  </datafield>
  <datafield tag="245" ind1=" " ind2=" ">
    <subfield code="a">Nuestra diversidad e identidad cultural en las buenas pr&#xE1;cticas docentes :</subfield>
    <subfield code="b">Apu Ausangate - Tinke</subfield>
  </datafield>
  <datafield tag="260" ind1=" " ind2=" ">
    <subfield code="a">Urcos-Cusco :</subfield>
    <subfield code="b">Autores-editores</subfield>
    <subfield code="c">2019</subfield>
  </datafield>
  <datafield tag="300" ind1=" " ind2=" ">
    <subfield code="a">92 p&#xE1;ginas. :</subfield>
    <subfield code="c">30x21 cm.</subfield>
  </datafield>
  <datafield tag="505" ind1=" " ind2=" ">
    <subfield code="a">   Los pasacalles escolares -- Fortalecimiento de los derechos sexuales en los estudiantes -- Los mitos en el proceso del aprendizaje -- Estrategias escolares municipales -- El habito por la lectura me ayuda a mejorar</subfield>
  </datafield>
  <datafield tag="650" ind1=" " ind2=" ">
    <subfield code="a">Recuperaci&#xF3;n de valores </subfield>
    <subfield code="9">51370</subfield>
  </datafield>
  <datafield tag="650" ind1=" " ind2=" ">
    <subfield code="a">Derechos sexuales</subfield>
    <subfield code="9">25104</subfield>
  </datafield>
  <datafield tag="650" ind1=" " ind2=" ">
    <subfield code="a">Jornada escolar completa</subfield>
    <subfield code="9">51371</subfield>
  </datafield>
  <datafield tag="650" ind1=" " ind2=" ">
    <subfield code="a">Fotalecimiento de capacidades</subfield>
    <subfield code="9">51372</subfield>
  </datafield>
  <datafield tag="650" ind1=" " ind2=" ">
    <subfield code="a">Ajedrez</subfield>
    <subfield code="9">3993</subfield>
  </datafield>
  <datafield tag="700" ind1=" " ind2=" ">
    <subfield code="a">Sancho Oblitas, Fernando</subfield>
    <subfield code="9">51373</subfield>
  </datafield>
  <datafield tag="700" ind1=" " ind2=" ">
    <subfield code="a">Chalco Conza, Miguel</subfield>
    <subfield code="9">51374</subfield>
  </datafield>
  <datafield tag="700" ind1=" " ind2=" ">
    <subfield code="a">Pomalaza Cuba, Alex Fabio</subfield>
    <subfield code="9">51375</subfield>
  </datafield>
  <datafield tag="700" ind1=" " ind2=" ">
    <subfield code="a">Honor Barrios, Norma </subfield>
    <subfield code="9">51376</subfield>
  </datafield>
  <datafield tag="942" ind1=" " ind2=" ">
    <subfield code="2">ddc</subfield>
    <subfield code="c">LIBROS</subfield>
  </datafield>
  <datafield tag="945" ind1=" " ind2=" ">
    <subfield code="a">pbjr</subfield>
    <subfield code="d">18-08-2025</subfield>
  </datafield>
  <datafield tag="952" ind1=" " ind2=" ">
    <subfield code="0">0</subfield>
    <subfield code="2">ddc</subfield>
    <subfield code="4">0</subfield>
    <subfield code="7">0</subfield>
    <subfield code="a">SH</subfield>
    <subfield code="b">SH</subfield>
    <subfield code="c">CART</subfield>
    <subfield code="d">2025-08-18</subfield>
    <subfield code="e">Dep&#xF3;sito legal</subfield>
    <subfield code="g">15.00</subfield>
    <subfield code="o">371.36 / Z467</subfield>
    <subfield code="p">SH0000016972</subfield>
    <subfield code="r">2025-08-18</subfield>
    <subfield code="y">LIBROS</subfield>
  </datafield>
</record>
